| 000 | 00507cam a22002171 4500 | ||
|---|---|---|---|
| 001 | sa 64007308 | ||
| 003 | DLC | ||
| 005 | 20260227112045.0 | ||
| 008 | 890713s1963 ii 000 0 kano | ||
| 010 | _asa 64007308 | ||
| 035 | _a(OCoLC)20006564 | ||
| 040 |
_aDLC _cWaU _dDLC |
||
| 042 | _apremarc | ||
| 050 | 0 | 0 |
_aPL4650.5 _b.K8 |
| 100 | 1 | _aKulkarni, B. S. | |
| 245 | 1 | 0 | _aSāhityasudhe. |
| 260 | _c1963. | ||
| 300 |
_a12, 138 p. _c18 cm. |
||
| 500 | _aIn Kannada. | ||
| 650 | 0 | _aKannada literature. | |
| 999 |
_c60160 _d60160 |
||